Countries Producing the Most Asparagus - Statistics

General Stats
  • This quiz has been taken 69 times
  • The average score is 15 of 20
Answer Stats
tonnes x 1000 country % Correct
34 United States
98%
20 France
95%
5 United Kingdom
94%
7843 China
92%
131 Germany
92%
63 Spain
92%
246 Mexico
87%
46 Italy
84%
10 Argentina
81%
9 Canada
81%
10 Chile
77%
30 Japan
76%
7 Australia
73%
383 Peru
69%
10 Greece
61%
16 Iran
60%
25 Thailand
52%
21 Netherlands
48%
11 Bulgaria
35%
5 Hungary
35%
No matching quizzes found
Score Distribution
Percent of People with Each Score
Percentile by Number Answered
Your Score History
You have not taken this quiz